| 000 | 00554pam a2200205 i 4500 | ||
|---|---|---|---|
| 001 | 2299724 | ||
| 005 | 20180212034021.0 | ||
| 008 | 810102s1981 nyu b 001 0 eng | ||
| 010 | _a 80028691 | ||
| 020 |
_a003059331X : _c$25.95 |
||
| 040 |
_aDLC _cDLC _dDLC |
||
| 041 | _aeng | ||
| 080 | _a016.36191734 den | ||
| 082 | 0 | 0 |
_a016.36191734 den _219 |
| 100 | 1 | _a49 | |
| 101 | _asoc | ||
| 245 | 1 | 0 |
_aRural social welfare : _cDennis L. Poole. |
| 906 |
_a7 _bcbc _corignew _d1 _eocip _f19 _gy-gencatlg |
||
| 942 |
_2ddc _cBK |
||
| 999 |
_c42295 _d42295 |
||